| 000 | 01114nac a22003377a 4500 | ||
|---|---|---|---|
| 001 | BR9700586 | ||
| 003 | BR-BrBNA | ||
| 005 | 20240105121841.0 | ||
| 008 | 230509b bl.|||m| |||| 00| 0 por d | ||
| 040 |
_aBR-BrBNA _bpor _cBiblioteca Nacional de Agricultura |
||
| 072 | _aE10; E14 | ||
| 090 | _aE10 BR9700586 | ||
| 100 | 1 | _aSantos, R.F. dos | |
| 110 | 1 |
_aUniversidade de Sao Paulo, Sao Paulo (Brasil). Inst. de Pesquisas Economicas _910549 |
|
| 245 | 1 | _aPresenca de vieses de mudanca tecnica na agricultura brasileira | |
| 260 | 3 |
_aSao Paulo, SP (Brasil): _c1987. |
|
| 300 | _a175 p. | ||
| 490 |
_aEnsaios Economicos - Universidade de Sao Paulo. Inst. de Pesquisas Economicas (Brazil) _vno. 63 _x |
||
| 500 | _aBibliography p. 163-175; 11 illus.; 24 tables | ||
| 650 | _aAgricultura | ||
| 650 | _aEconomia Agricola | ||
| 650 | _aAnalise Economica | ||
| 650 | _aDesenvolvimento Economico | ||
| 650 | _aModelo Matematico | ||
| 650 | _aTrabalho | ||
| 650 | _aTerra | ||
| 650 | _aMaquina | ||
| 650 | _aFertilizante | ||
| 909 |
_a202312 _bLúcia Elande _c55 _dLúcia Elande |
||
| 942 |
_2AGRIS _n0 _cMS |
||
| 999 |
_c287829 _d287829 |
||